| 000 | 00488nam a2200181Ia 4500 | ||
|---|---|---|---|
| 005 | 20250508151455.0 | ||
| 008 | 008 250505s9999 xx 000 0 eng d | ||
| 037 | _aTextual | ||
| 040 |
_aFEDL _beng _cFEDL |
||
| 041 |
_aeng _2eng |
||
| 084 |
_a823.91, FUL _qFEDL |
||
| 100 |
_aFulford Roger _9107018 |
||
| 245 | 0 | _aOsbert sitwell | |
| 260 |
_aLondon, UK _bLongmans, Green and Co. _c1951 |
||
| 300 | _a43p. | ||
| 942 |
_cTEXL _h823.91, FUL |
||
| 999 |
_c1330041 _d1330041 |
||